=LDR 00000nam 2200000 4500 =001 INLIS000000000016817 =005 20130612112045 =008 ***********************************Ind** =035 ##$$0010-061300000016817 =041 ##$$a Ind =082 ##$$a 892.73 =090 ##$$a 892.73, Bec n =100 ##$$a Bech, Sussi =245 ##$$a Nofret, lari dari Babilonia, Sussi Bech ; penerjemah, Djokolelono =260 ##$$a 1991 $b Jakarta =300 ##$$a 48 hlm, ilus, 1991 =650 ##$$a Cerita anak-anak Mesir =850 ##$$a NBPNMAT =990 ##$$a 0001/BPAP-NTB/2016